[Event "3rd Asia-ch"]
[Site "Kolkata IND"]
[Date "2001.08.13"]
[Round "6"]
[White "Li Wenliang"]
[Black "Thipsay, Praveen Mahadeo"]
[Result "1/2-1/2"]
[WhiteElo "2494"]
[BlackElo "2453"]
[EventDate "2001.08.09"]
[PlyCount "71"]

1.d4 Nf6 2.c4 g6 3.Nc3 Bg7 4.e4 d6 5.Nf3 O-O 6.Be2 e5 7.O-O Na6 8.Be3 Ng4 
9.Bg5 Qe8 10.dxe5 h6 11.Bc1 dxe5 12.h3 Nf6 13.Be3 Qe7 14.Qc1 Kh7 15.c5 Rd8
16.Bxa6 bxa6 17.c6 Qe8 18.Bc5 Nh5 19.Nd5 Qxc6 20.Be7 Qxc1 21.Rfxc1 Rd7 22.
Rxc7 Rxc7 23.Nxc7 Rb8 24.b3 Bb7 25.Re1 Nf4 26.Bd6 Rc8 27.h4 f6 28.Nd2 Bf8 
29.Bxf8 Rxf8 30.g3 Nd3 31.Rd1 Rf7 32.Ne8 Bc6 33.Nd6 Rd7 34.N2c4 Nb4 35.Rd2
Bb5 36.a4 1/2-1/2

[Event "3rd Asia-ch"]
[Site "Kolkata IND"]
[Date "2001.08.13"]
[Round "6"]
[White "Lodhi, Mahmood"]
[Black "Nolte, Rolando"]
[Result "0-1"]
[WhiteElo "2410"]
[BlackElo "2324"]
[EventDate "2001.08.09"]
[PlyCount "56"]

1.d4 Nf6 2.c4 e6 3.Nf3 b6 4.g3 Ba6 5.Nbd2 d5 6.Bg2 Be7 7.O-O O-O 8.b3 Nbd7
9.Bb2 c5 10.dxc5 bxc5 11.cxd5 exd5 12.Re1 Rc8 13.e4 c4 14.bxc4 dxc4 15.Bc3
Nc5 16.Nd4 Nd3 17.Qa4 Bc5 18.Rf1 Bxd4 19.Bxd4 Qxd4 20.Qxa6 Ng4 21.Nf3 Qc5 
22.h3 Ngxf2 23.Kh2 Nxe4 24.Ng1 Qe5 25.Ne2 Nd2 26.Nf4 Nxf1+ 27.Rxf1 Nxf4 
28.Rxf4 c3 0-1

[Event "3rd Asia-ch"]
[Site "Kolkata IND"]
[Date "2001.08.13"]
[Round "6"]
[White "Mahjoob, Morteza"]
[Black "Xu Jun"]
[Result "0-1"]
[WhiteElo "2335"]
[BlackElo "2646"]
[EventDate "2001.08.09"]
[PlyCount "58"]

1.e4 c5 2.Nf3 d6 3.d4 cxd4 4.Nxd4 Nf6 5.Nc3 a6 6.Bg5 e6 7.f4 Qc7 8.Bxf6 
gxf6 9.f5 Nc6 10.fxe6 fxe6 11.Be2 Be7 12.Bh5+ Kd8 13.Nxc6+ Qxc6 14.Qg4 Qc5
15.O-O-O Rf8 16.Kb1 Bd7 17.e5 Qxe5 18.Rhe1 Qg5 19.Qe2 Kc7 20.Bg4 f5 21.
Qc4+ Kb8 22.Bf3 Rc8 23.Qb3 d5 24.Rxd5 exd5 25.Nxd5 Bd8 26.Ne7 Rc7 27.Nd5 
Rc6 28.Qa4 Qh4 29.Qf4+ Qxf4 0-1

[Event "3rd Asia-ch"]
[Site "Kolkata IND"]
[Date "2001.08.13"]
[Round "6"]
[White "Mallahi, Amir"]
[Black "Izmukhambetov, Salauat"]
[Result "1-0"]
[WhiteElo "2416"]
[BlackElo "2352"]
[EventDate "2001.08.09"]
[PlyCount "71"]

1.e4 Nf6 2.e5 Nd5 3.d4 d6 4.c4 Nb6 5.exd6 exd6 6.Be3 Be7 7.Qf3 O-O 8.Nc3 
c6 9.Bd3 Be6 10.b3 N8d7 11.Nh3 c5 12.Nf4 cxd4 13.Bxd4 Ne5 14.Bxe5 dxe5 15.
Nxe6 fxe6 16.Qh3 g6 17.O-O Qc8 18.Rae1 Bb4 19.Bb1 Bd6 20.Ne4 Be7 21.Nd2 
Bb4 22.Re2 Qc6 23.Nf3 Rxf3 24.Qxf3 Qxf3 25.gxf3 Bc3 26.Rd1 Bd4 27.f4 Nd7 
28.fxe5 Nxe5 29.Kg2 Nc6 30.Rxe6 Bc5 31.Be4 Rf8 32.f3 Nd4 33.Re5 Bb6 34.c5 
Bc7 35.Re7 Bd8 36.Rd7 1-0

[Event "3rd Asia-ch"]
[Site "Kolkata IND"]
[Date "2001.08.13"]
[Round "6"]
[White "Mishra, Neeraj Kumar"]
[Black "Hakki, Imad"]
[Result "1/2-1/2"]
[WhiteElo "2293"]
[BlackElo "2428"]
[EventDate "2001.08.09"]
[PlyCount "34"]

1.Nf3 Nf6 2.c4 g6 3.g3 Bg7 4.Bg2 O-O 5.O-O d6 6.d4 Nc6 7.Nc3 Bf5 8.d5 Na5 
9.Nd2 c6 10.e4 Bg4 11.f3 Bd7 12.dxc6 Nxc6 13.Ndb1 a6 14.Be3 Na5 15.Qe2 Rc8
16.Na3 Be6 17.Nd5 Nxd5 1/2-1/2

[Event "3rd Asia-ch"]
[Site "Kolkata IND"]
[Date "2001.08.13"]
[Round "6"]
[White "Nazarov, Anvar"]
[Black "Wohl, Aleksandar"]
[Result "0-1"]
[WhiteElo "2410"]
[BlackElo "2371"]
[EventDate "2001.08.09"]
[PlyCount "58"]

1.c4 e6 2.Nf3 Nf6 3.g3 d5 4.b3 c5 5.Bg2 Nc6 6.O-O Be7 7.cxd5 exd5 8.Bb2 
O-O 9.d3 d4 10.Nbd2 Nd5 11.Rc1 Re8 12.Ne4 b6 13.a3 a5 14.Re1 f5 15.Ned2 
Bf6 16.Nb1 Ra7 17.Qc2 Rae7 18.Rcd1 Bb7 19.Bc1 Kh8 20.Kf1 Qd6 21.Qc4 f4 22.
g4 Ne5 23.Nxe5 Bxe5 24.Bf3 Bc6 25.Qc2 Ne3+ 26.fxe3 fxe3 27.Kg2 Bxh2 28.Rf1
Qg3+ 29.Kh1 Bg1 0-1

[Event "3rd Asia-ch"]
[Site "Kolkata IND"]
[Date "2001.08.13"]
[Round "6"]
[White "Paragua, Mark"]
[Black "Sadvakasov, Darmen"]
[Result "0-1"]
[WhiteElo "2444"]
[BlackElo "2568"]
[EventDate "2001.08.09"]
[PlyCount "132"]

1.Nf3 c5 2.g3 Nc6 3.Bg2 g6 4.O-O Bg7 5.d3 e6 6.e4 Nge7 7.c3 O-O 8.Be3 b6 
9.d4 d5 10.exd5 Nxd5 11.Bg5 Qd6 12.c4 Nde7 13.Nc3 cxd4 14.Nb5 Qc5 15.Nbxd4
Bb7 16.Nb3 Qxc4 17.Nfd2 Qa6 18.Re1 Rad8 19.a4 Ba8 20.a5 Qb5 21.h4 h6 22.
Bxe7 Nxe7 23.Bxa8 Rxa8 24.Qg4 Rad8 25.axb6 axb6 26.Rad1 Rd3 27.Nc1 Rd4 28.
Qf3 Qxb2 29.Ncb3 Rd5 30.Rb1 Qf6 31.Qe2 Nf5 32.Ne4 Qe7 33.Kg2 Qb7 34.Rbd1 
Rfd8 35.Rxd5 Qxd5 36.Qc2 b5 37.Kg1 Qc4 38.Qb1 Qd3 39.Qxd3 Rxd3 40.Rb1 b4 
41.Kf1 Bf8 42.Ned2 Nd4 43.Nxd4 Rxd2 44.Nb3 Rc2 45.Nc1 Rc3 46.Ke2 Kg7 47.
Nd3 Rc4 48.Kd2 Bd6 49.Ra1 Bc5 50.Ra8 Bd4 51.Rb8 g5 52.hxg5 hxg5 53.f3 g4 
54.fxg4 Bc3+ 55.Ke3 Rxg4 56.Kf3 Rd4 57.Ke3 f5 58.Nf4 Re4+ 59.Kf3 Bd2 60.
Rb7+ Kf6 61.Ng2 Ke5 62.Rd7 Rd4 63.Rb7 Rd3+ 64.Kf2 Ke4 65.Ne1 Re3 66.Rb6 e5
0-1

[Event "3rd Asia-ch"]
[Site "Kolkata IND"]
[Date "2001.08.13"]
[Round "6"]
[White "Peires, T. D. R."]
[Black "Dableo, Ronald"]
[Result "0-1"]
[WhiteElo "2151"]
[BlackElo "2310"]
[EventDate "2001.08.09"]
[PlyCount "56"]

1.e4 c6 2.d4 d5 3.exd5 cxd5 4.Bd3 Nc6 5.c3 Nf6 6.Bg5 Bg4 7.f3 Bh5 8.Qe2 
Bg6 9.Bb5 e6 10.Nh3 Bd6 11.Nd2 Qc7 12.f4 a6 13.Ba4 Ne4 14.Nxe4 Bxe4 15.O-O
O-O 16.Rae1 b5 17.Bd1 b4 18.Bh4 bxc3 19.bxc3 h6 20.Nf2 f5 21.Nxe4 fxe4 22.
Qg4 Rf5 23.Bb3 Raf8 24.Rxe4 Bxf4 25.Rexf4 Rxf4 26.Qxe6+ Kh8 27.Bf2 Nxd4 
28.Qe3 Qxc3 0-1

[Event "3rd Asia-ch"]
[Site "Kolkata IND"]
[Date "2001.08.13"]
[Round "6"]
[White "Prasad, Devaki"]
[Black "Liang Jinrong"]
[Result "1/2-1/2"]
[WhiteElo "2440"]
[BlackElo "2510"]
[EventDate "2001.08.09"]
[PlyCount "70"]

1.e4 c5 2.Nf3 e6 3.d4 cxd4 4.Nxd4 a6 5.Bd3 Bc5 6.Nb3 Ba7 7.c4 d6 8.Nc3 Nc6
9.O-O Nge7 10.Kh1 e5 11.f4 exf4 12.Bxf4 Ne5 13.Be2 Be6 14.c5 N7g6 15.cxd6 
Nxf4 16.Rxf4 O-O 17.Nd5 Ng6 18.Rf1 Bb8 19.Nc7 Bxc7 20.dxc7 Qxc7 21.Nd4 Qe5
22.Nxe6 Qxe6 23.Qd5 Qxd5 24.exd5 Rad8 25.Rfd1 Rfe8 26.Rd2 Rd6 27.g3 Rc8 
28.Re1 Kf8 29.Kg2 Rc7 30.Bf3 Re7 31.Rc1 Ne5 32.Rc8+ Re8 33.Rc7 Re7 34.Rc8+
Re8 35.Rc7 Re7 1/2-1/2

[Event "3rd Asia-ch"]
[Site "Kolkata IND"]
[Date "2001.08.13"]
[Round "6"]
[White "Rahman, Syed Mahfuzur"]
[Black "Kazhgaleev, Murtas"]
[Result "0-1"]
[WhiteElo "2235"]
[BlackElo "2585"]
[EventDate "2001.08.09"]
[PlyCount "51"]

1.d4 d5 2.c4 e6 3.Nc3 Nf6 4.Bg5 Be7 5.cxd5 exd5 6.Nf3 c6 7.Qc2 Na6 8.a3 g6
9.e4 dxe4 10.Bxf6 Bxf6 11.Qxe4+ Qe7 12.Bxa6 bxa6 13.O-O O-O 14.Qxe7 Bxe7 
15.Ne5 Bb7 16.Rfe1 Rfe8 17.Ne4 h6 18.Nc4 Rad8 19.Na5 Ba8 20.Rad1 Kf8 21.
Nc5 Rd5 22.b4 Bd8 23.Rxe8+ Kxe8 24.Re1+ Be7 25.Nab3 f5 26.Kf1 0-1

[Event "3rd Asia-ch"]
[Site "Kolkata IND"]
[Date "2001.08.13"]
[Round "6"]
[White "Safin, Shukhrat"]
[Black "Donguines, Fernie"]
[Result "1-0"]
[WhiteElo "2529"]
[BlackElo "2411"]
[EventDate "2001.08.09"]
[PlyCount "139"]

1.d4 d6 2.e4 Nf6 3.Bd3 g6 4.Nf3 Bg7 5.O-O O-O 6.h3 Nc6 7.c3 e5 8.Re1 a6 9.
Nbd2 Re8 10.Bf1 b6 11.d5 Ne7 12.a4 Nd7 13.a5 b5 14.c4 bxc4 15.Bxc4 h6 16.
b4 f5 17.Bb2 f4 18.Rc1 g5 19.Nh2 Rb8 20.Ba3 Nf6 21.Be2 Ra8 22.Ng4 Nh7 23.
Nh2 Nf6 24.Rc3 Ra7 25.Ng4 Nh7 26.Nh2 Nf6 27.Ng4 Nh7 28.Qc2 Ng6 29.Rc1 Re7 
30.Nh2 Nf6 31.Rc6 Bf8 32.b5 axb5 33.Bxd6 cxd6 34.Rxc8 Qxa5 35.Ng4 Nxg4 36.
Bxg4 Reb7 37.Nb3 Qb6 38.Qc6 Ra2 39.Qxb6 Rxb6 40.R1c7 Rba6 41.Be6+ Kh8 42.
Bf5 Ra8 43.Rxa8 Rxa8 44.Bxg6 Ra3 45.Nd2 Ra1+ 46.Nf1 b4 47.Rb7 Rb1 48.Bh5 
Kg8 49.Be2 Bg7 50.f3 Rb2 51.Kf2 Bf6 52.Ke1 g4 53.hxg4 Bh4+ 54.Kd1 Bf2 55.
Nd2 Be3 56.Nc4 Rb1+ 57.Kc2 Rc1+ 58.Kb2 Re1 59.Bd3 Bc5 60.Rc7 Rg1 61.Kb3 
Rxg2 62.Nxe5 Rd2 63.Kc4 Rd1 64.Nd7 Rc1+ 65.Kb5 b3 66.Nxc5 b2 67.Ne6 Rd1 
68.Rg7+ Kh8 69.Kc4 h5 70.Rb7 1-0

[Event "3rd Asia-ch"]
[Site "Kolkata IND"]
[Date "2001.08.13"]
[Round "6"]
[White "Sandipan, Chanda"]
[Black "Ghorbani, Mohsen"]
[Result "1/2-1/2"]
[WhiteElo "2427"]
[BlackElo "2334"]
[EventDate "2001.08.09"]
[PlyCount "99"]

1.e4 c5 2.Nf3 Nc6 3.Bb5 g6 4.Bxc6 bxc6 5.d3 Bg7 6.O-O d6 7.Nc3 Nh6 8.h3 f6
9.d4 cxd4 10.Nxd4 c5 11.Nde2 Rb8 12.Be3 Nf7 13.Rb1 O-O 14.Qd2 Kh8 15.Rfd1 
Qe8 16.f4 f5 17.exf5 gxf5 18.a3 a5 19.a4 Rg8 20.Kh2 Bb7 21.Rg1 Nh6 22.Ng3 
Bf6 23.Nce2 Qg6 24.Rgf1 Rg7 25.Qxa5 Rbg8 26.Bf2 Qf7 27.Qd2 Qe8 28.c4 Qxa4 
29.b4 Qa8 30.bxc5 dxc5 31.Rg1 Qc8 32.Qe3 Qc6 33.Qxc5 Ng4+ 34.Kh1 Ba8 35.
hxg4 Rxg4 36.Nxf5 Qe4 37.Neg3 Qxf4 38.Rgf1 R4g5 39.Be1 Qxf1+ 40.Nxf1 Rxg2 
41.N1g3 R2xg3+ 42.Kh2 Rg2+ 43.Kh3 R2g5 44.Bh4 Bg2+ 45.Kh2 Rh5 46.Rb8 Rxb8 
47.Kxg2 Rg8+ 48.Bg3 e6 49.Qd6 Rxf5 50.Qxe6 1/2-1/2

[Event "3rd Asia-ch"]
[Site "Kolkata IND"]
[Date "2001.08.13"]
[Round "6"]
[White "Torre, Eugenio"]
[Black "Sriram, Jha"]
[Result "1/2-1/2"]
[WhiteElo "2541"]
[BlackElo "2399"]
[EventDate "2001.08.09"]
[PlyCount "28"]

1.e4 c5 2.Nf3 e6 3.c3 Nf6 4.e5 Nd5 5.Bc4 Nc6 6.d4 cxd4 7.Bxd5 exd5 8.O-O 
d6 9.Bg5 Qb6 10.Re1 Be6 11.exd6 Bxd6 12.Nxd4 O-O 13.Be3 Qxb2 14.Re2 Qxa1 
1/2-1/2

[Event "3rd Asia-ch"]
[Site "Kolkata IND"]
[Date "2001.08.13"]
[Round "6"]
[White "Turpanov, Milan"]
[Black "Hoang Thanh Trang"]
[Result "1-0"]
[WhiteElo "2276"]
[BlackElo "2445"]
[EventDate "2001.08.09"]
[PlyCount "117"]

1.d4 f5 2.Nf3 Nf6 3.g3 g6 4.Bg2 Bg7 5.O-O O-O 6.b3 d6 7.Bb2 Qe8 8.c4 h6 9.
Nbd2 g5 10.Qc2 Qh5 11.d5 f4 12.Nd4 Ng4 13.h3 fxg3 14.fxg3 Rxf1+ 15.Nxf1 
Ne5 16.g4 Qe8 17.Ng3 c5 18.Ndf5 Bxf5 19.Nxf5 Nbd7 20.Rf1 h5 21.Nxg7 Kxg7 
22.Qf5 Kh6 23.Qe6+ Qg6 24.Be4 Qxe6 25.dxe6 Nf6 26.Bxb7 Rb8 27.Bxe5 dxe5 
28.Bd5 hxg4 29.hxg4 Kg6 30.Rf5 Rd8 31.Rxe5 Nxg4 32.Be4+ Kf6 33.Rf5+ Kxe6 
34.Rxc5 Rd2 35.Ra5 Kd6 36.Bf3 Ne5 37.Kf2 g4 38.Be4 Nd7 39.Ke3 Rb2 40.Ra6+ 
Kc5 41.Rxa7 Nf6 42.Bg2 e5 43.Ra5+ Kd6 44.Ra6+ Ke7 45.c5 Nh5 46.Ra7+ Ke6 
47.Ra6+ Ke7 48.Bd5 Nf4 49.Bc4 g3 50.Ra7+ Kf6 51.Rf7+ Kg6 52.Rf8 g2 53.Rg8+
Kf6 54.c6 Rb1 55.Rg3 Rh1 56.Kd2 Rh3 57.Rxg2 Nxg2 58.c7 Rh8 59.Ba6 1-0

[Event "3rd Asia-ch"]
[Site "Kolkata IND"]
[Date "2001.08.13"]
[Round "6"]
[White "Vakhidov, Tahir"]
[Black "Nguyen Anh Dung"]
[Result "1/2-1/2"]
[WhiteElo "2474"]
[BlackElo "2533"]
[EventDate "2001.08.09"]
[PlyCount "20"]

1.d4 d5 2.Nf3 c6 3.c4 Nf6 4.Nc3 e6 5.e3 Nbd7 6.Bd3 dxc4 7.Bxc4 b5 8.Be2 
Bb7 9.O-O a6 10.e4 e5 1/2-1/2

[Event "3rd Asia-ch"]
[Site "Kolkata IND"]
[Date "2001.08.13"]
[Round "6"]
[White "Villamayor, Buenaventura"]
[Black "Nadera, Barlo"]
[Result "1-0"]
[WhiteElo "2560"]
[BlackElo "2421"]
[EventDate "2001.08.09"]
[PlyCount "71"]

1.c4 e6 2.d4 d5 3.Nc3 c6 4.e3 Nf6 5.Nf3 Nbd7 6.Qc2 Bd6 7.Bd3 Qe7 8.O-O 
dxc4 9.Bxc4 e5 10.h3 O-O 11.Bb3 a6 12.Re1 Bc7 13.e4 exd4 14.Nxd4 Qd6 15.
Nf3 Ne5 16.Nxe5 Qxe5 17.f4 Bb6+ 18.Kh1 Qh5 19.Be3 Bxe3 20.Rxe3 Qh6 21.Rf1 
Bd7 22.Kg1 Rad8 23.e5 Ne8 24.Qf2 Bc8 25.Ne4 Nc7 26.Nd6 Nb5 27.Nxc8 Rxc8 
28.e6 Nd4 29.exf7+ Kh8 30.Re8 Nxb3 31.Rxc8 Rxc8 32.Re1 Qh5 33.Re7 Rf8 34.
axb3 Qd1+ 35.Kh2 Qd3 36.Qc5 1-0

[Event "3rd Asia-ch"]
[Site "Kolkata IND"]
[Date "2001.08.13"]
[Round "6"]
[White "Wang Zili"]
[Black "Bin Sattar, Reefat"]
[Result "1-0"]
[WhiteElo "2557"]
[BlackElo "2444"]
[EventDate "2001.08.09"]
[PlyCount "83"]

1.e4 e6 2.d4 d5 3.Nc3 Bb4 4.e5 c5 5.a3 Bxc3+ 6.bxc3 Ne7 7.h4 Nbc6 8.h5 Qa5
9.Bd2 Bd7 10.Nf3 O-O-O 11.Rb1 h6 12.Rb5 Qxa3 13.Qb1 c4 14.Rxb7 Qa6 15.Rb2 
Kc7 16.Ra2 Rb8 17.Qa1 Qb5 18.Bc1 Qb1 19.Nd2 Qxa1 20.Rxa1 Nc8 21.Be2 a5 22.
Rh3 N8a7 23.Rf3 Nb5 24.Nb1 Rhf8 25.Na3 Nba7 26.Nxc4 dxc4 27.Ba3 Rbe8 28.
Bd6+ Kd8 29.Bxf8 Rxf8 30.Rg3 Ke7 31.Rxg7 Ra8 32.Bxc4 Nc8 33.Rb1 a4 34.Rg8 
a3 35.g4 Nb6 36.Rxa8 Nxa8 37.Ra1 Nb6 38.Bb3 Nd5 39.Bxd5 exd5 40.f3 Nd8 41.
Rxa3 Ne6 42.Ra7 1-0

[Event "3rd Asia-ch"]
[Site "Kolkata IND"]
[Date "2001.08.13"]
[Round "6"]
[White "Yu Shaoteng"]
[Black "Rahman, Taibur"]
[Result "1-0"]
[WhiteElo "2517"]
[BlackElo "2246"]
[EventDate "2001.08.09"]
[PlyCount "69"]

1.e4 c5 2.Nf3 Nc6 3.Nc3 e5 4.Bc4 Be7 5.d3 d6 6.Nd2 Bg5 7.h4 Bh6 8.Qh5 g6 
9.Qd1 Nf6 10.Nf1 Bxc1 11.Qxc1 Be6 12.Ne3 a6 13.Ned5 Bxd5 14.Nxd5 Nxd5 15.
Bxd5 Qd7 16.Qg5 Qe7 17.c3 Qxg5 18.hxg5 Rb8 19.Ke2 Ne7 20.Bb3 Kf8 21.f4 Nc6
22.Raf1 Nd8 23.f5 Kg7 24.fxg6 hxg6 25.Rxh8 Kxh8 26.Bxf7 Kg7 27.Bd5 b5 28.
Rf6 Rb6 29.Kd2 a5 30.d4 cxd4 31.cxd4 exd4 32.e5 b4 33.e6 Nc6 34.Rf7+ Kg8 
35.Rc7 1-0

[Event "3rd Asia-ch"]
[Site "Kolkata IND"]
[Date "2001.08.14"]
[Round "7"]
[White "Annageldiev, Orazly"]
[Black "Hossain, Enamul"]
[Result "1-0"]
[WhiteElo "2485"]
[BlackElo "2353"]
[EventDate "2001.08.09"]
[PlyCount "105"]

1.e4 c5 2.Nf3 Nc6 3.Bb5 g6 4.Bxc6 bxc6 5.O-O Bg7 6.d3 d6 7.h3 e5 8.Nc3 Ne7
9.Nh2 O-O 10.f4 c4 11.dxc4 exf4 12.c5 dxc5 13.Bxf4 f5 14.Bg5 Bd4+ 15.Kh1 
fxe4 16.Nxe4 Bf5 17.Ng3 Bf6 18.Bxf6 Rxf6 19.Ng4 Rf8 20.Nh6+ Kg7 21.Nhxf5+ 
Nxf5 22.Nxf5+ Rxf5 23.Rxf5 Qxd1+ 24.Rxd1 gxf5 25.Rd6 Rb8 26.b3 c4 27.Rxc6 
cxb3 28.cxb3 a5 29.Rc5 a4 30.bxa4 Kg6 31.Rc3 Ra8 32.Rc4 Kg5 33.Kg1 Rb8 34.
h4+ Kf6 35.a5 Ra8 36.Rc5 Kg6 37.Kh2 Ra6 38.Rb5 Ra7 39.Kg3 Rc7 40.Rb3 Ra7 
41.Rb6+ Kh5 42.a6 Rg7+ 43.Kf3 Kxh4 44.a4 h5 45.Rb7 Rg6 46.Rb5 Rxa6 47.Rxf5
Rg6 48.Rf4+ Kg5 49.a5 Ra6 50.Ra4 Kf5 51.Ke3 Ke6 52.Kf4 Kf6 53.Ra3 1-0

[Event "3rd Asia-ch"]
[Site "Kolkata IND"]
[Date "2001.08.14"]
[Round "7"]
[White "Dableo, Ronald"]
[Black "Kotsur, Pavel"]
[Result "0-1"]
[WhiteElo "2310"]
[BlackElo "2600"]
[EventDate "2001.08.09"]
[PlyCount "82"]

1.c4 e5 2.g3 Nf6 3.Bg2 c6 4.Nc3 d5 5.cxd5 cxd5 6.Qb3 Nc6 7.d3 d4 8.Nb1 h6 
9.Nd2 Bd6 10.Ngf3 O-O 11.O-O Re8 12.a3 Rb8 13.Ne4 Nxe4 14.dxe4 Be6 15.Qd3 
Na5 16.b4 Nb3 17.Rb1 Nxc1 18.Rfxc1 b5 19.e3 Bc4 20.Qd2 dxe3 21.Qxe3 Bc7 
22.Bf1 Bb6 23.Qe1 Bxf1 24.Qxf1 f5 25.Qe2 Qf6 26.Rc2 Qf7 27.Kg2 Qb7 28.exf5
e4 29.Nh4 e3+ 30.f3 a6 31.Rd1 Qf7 32.g4 Rbd8 33.Ng6 Qb3 34.Rxd8 Bxd8 35.
Rc6 Bf6 36.Rxa6 Qd5 37.Ra7 Qd2 38.Kf1 Qc1+ 39.Kg2 Rd8 40.Qa2+ Kh7 41.Rd7 
Qd2+ 0-1

[Event "3rd Asia-ch"]
[Site "Kolkata IND"]
[Date "2001.08.14"]
[Round "7"]
[White "Donguines, Fernie"]
[Black "Utut Adianto"]
[Result "0-1"]
[WhiteElo "2411"]
[BlackElo "2598"]
[EventDate "2001.08.09"]
[PlyCount "68"]

1.e4 c5 2.Nf3 e6 3.g3 d5 4.e5 Nc6 5.Bg2 f6 6.exf6 Nxf6 7.O-O Bd6 8.d4 O-O 
9.c4 dxc4 10.dxc5 Bxc5 11.Nbd2 Qd3 12.Qa4 c3 13.bxc3 Qxc3 14.Nb3 Be7 15.
Bd2 Qd3 16.Rfe1 Bd7 17.Rad1 Qf5 18.Nh4 Qh5 19.Bc3 Rad8 20.Qc4 Bc8 21.Bf3 
Qf7 22.Rxd8 Bxd8 23.Bxc6 bxc6 24.Bb4 Re8 25.Nf3 Bb6 26.Bc5 Qh5 27.Ne5 Bc7 
28.f4 Bxe5 29.Rxe5 Qd1+ 30.Kg2 Rd8 31.Nd4 Rd5 32.Bxa7 c5 33.Nf3 Bb7 34.Qe2
Rd2 0-1

[Event "3rd Asia-ch"]
[Site "Kolkata IND"]
[Date "2001.08.14"]
[Round "7"]
[White "Dzhumaev, Marat"]
[Black "Li Wenliang"]
[Result "1/2-1/2"]
[WhiteElo "2497"]
[BlackElo "2494"]
[EventDate "2001.08.09"]
[PlyCount "105"]

1.e4 c6 2.d4 d5 3.exd5 cxd5 4.Bd3 Nc6 5.c3 Nf6 6.h3 e5 7.dxe5 Nxe5 8.Nf3 
Bd6 9.O-O O-O 10.Nxe5 Bxe5 11.Nd2 h6 12.Nf3 Bc7 13.Re1 Re8 14.Rxe8+ Qxe8 
15.Be3 Be6 16.Bd4 Ne4 17.Qb3 Qd7 18.Re1 a6 19.Ne5 Bxe5 20.Bxe5 Nc5 21.Qd1 
Nxd3 22.Qxd3 Bf5 23.Qg3 Bg6 24.Bd4 Re8 25.Rxe8+ Qxe8 26.Qc7 Qc6 27.Qe7 f6 
28.a4 Bf5 29.b4 Qd7 30.Qc5 Qc6 31.Qa5 Bd7 32.Qd8+ Be8 33.Qb8 Kh7 34.Kh2 
Bg6 35.Qd8 Qxa4 36.Qxd5 Qb5 37.Qd6 Qe8 38.Qc7 Qf7 39.Qd6 Be4 40.f3 Bc6 41.
Qf4 Qd5 42.h4 Kg8 43.Kg1 Kh7 44.Kh2 Kg8 45.Qg4 Kh7 46.Kg1 Bd7 47.Qf4 Bc6 
48.Qe3 Kg8 49.Qe1 Qd6 50.Qe3 Qd5 51.Qe2 Kf7 52.Qd3 Kg8 53.Qg6 1/2-1/2

[Event "3rd Asia-ch"]
[Site "Kolkata IND"]
[Date "2001.08.14"]
[Round "7"]
[White "Ghorbani, Mohsen"]
[Black "Rahman, Syed Mahfuzur"]
[Result "0-1"]
[WhiteElo "2334"]
[BlackElo "2235"]
[EventDate "2001.08.09"]
[PlyCount "120"]

1.d4 d5 2.c4 c6 3.Nc3 e6 4.e3 Nf6 5.Nf3 Nbd7 6.a3 Bd6 7.Bd3 a6 8.c5 Bc7 9.
e4 dxe4 10.Nxe4 Nxe4 11.Bxe4 h6 12.O-O O-O 13.Bc2 Re8 14.Qd3 Nf6 15.Re1 e5
16.Nxe5 Bxe5 17.Rxe5 Rxe5 18.dxe5 Qxd3 19.Bxd3 Nd7 20.f4 Nxc5 21.Bc2 Be6 
22.Be3 Nb3 23.Rd1 Na5 24.Be4 Nc4 25.Bc1 g6 26.h3 h5 27.Kf2 a5 28.Rd4 a4 
29.g4 hxg4 30.hxg4 c5 31.Rd3 Bxg4 32.Bxb7 Rb8 33.Ba6 Nxb2 34.Rd2 Nd1+ 35.
Kg3 Bh5 36.Rd7 Rb3+ 37.Kh4 Nf2 38.Kg5 Kg7 39.f5 Rg3+ 40.Kf4 Rf3+ 41.Kg5 
Rxf5+ 42.Kh4 Bf3 43.e6 Ne4 44.Rxf7+ Rxf7 45.exf7 Kxf7 46.Bd3 Ke6 47.Bc2 
Kf5 48.Bxa4 g5+ 49.Kh3 g4+ 50.Kh4 g3 51.Bc2 g2 52.Be3 c4 53.Kh3 Ke5 54.Kh2
Nc3 55.Ba7 Nb5 56.Bc5 Kd5 57.Bb4 Nd4 58.Bg6 Ne2 59.Bf7+ Kc6 60.Be8+ Kb6 
0-1

[Event "3rd Asia-ch"]
[Site "Kolkata IND"]
[Date "2001.08.14"]
[Round "7"]
[White "Hakki, Imad"]
[Black "Abu Sufian, Shakil"]
[Result "1-0"]
[WhiteElo "2428"]
[BlackElo "2276"]
[EventDate "2001.08.09"]
[PlyCount "67"]

1.e4 c5 2.Nf3 d6 3.d4 cxd4 4.Nxd4 Nf6 5.Nc3 g6 6.Be3 Bg7 7.f3 Nc6 8.Qd2 
O-O 9.Bc4 Bd7 10.O-O-O Rc8 11.Bb3 Ne5 12.h4 h5 13.Bg5 Rc5 14.Kb1 b5 15.g4 
hxg4 16.h5 Nxh5 17.Nd5 Re8 18.Rxh5 gxh5 19.Qh2 Rxd5 20.Bxd5 Qb6 21.Nf5 
Bxf5 22.exf5 gxf3 23.Qxh5 Qf2 24.Bf4 Rc8 25.Rc1 Rc5 26.Bxe5 Rxd5 27.Bxg7 
Kxg7 28.f6+ Kxf6 29.Qxd5 Qe2 30.Rh1 Qg2 31.Qd1 e5 32.Rg1 Qe2 33.Qxe2 fxe2 
34.Kc1 1-0

[Event "3rd Asia-ch"]
[Site "Kolkata IND"]
[Date "2001.08.14"]
[Round "7"]
[White "Isaev, Jamshed"]
[Black "Turpanov, Milan"]
[Result "1-0"]
[WhiteElo "2454"]
[BlackElo "2276"]
[EventDate "2001.08.09"]
[PlyCount "99"]

1.e4 c5 2.Nf3 d6 3.d4 cxd4 4.Nxd4 Nf6 5.Nc3 a6 6.Be2 e6 7.O-O Be7 8.f4 Qc7
9.a4 O-O 10.Kh1 Re8 11.Bf3 Nc6 12.Be3 Nxd4 13.Qxd4 e5 14.Qd2 Bd7 15.a5 
Rac8 16.f5 d5 17.Nxd5 Nxd5 18.Qxd5 Bb5 19.Rfc1 Red8 20.Qb3 Qc6 21.Qa2 Qe8 
22.c4 Bc6 23.Rd1 Bb4 24.Bb6 Rxd1+ 25.Rxd1 Qe7 26.Qb3 Kf8 27.f6 gxf6 28.Bg4
Ra8 29.Bf5 Bc5 30.Qh3 Bxb6 31.Qxh7 Ke8 32.axb6 Qf8 33.Qh4 Qg7 34.Qf2 Rd8 
35.Rxd8+ Kxd8 36.Qd2+ Ke8 37.b4 Qg5 38.Qxg5 fxg5 39.Kg1 Kd8 40.Kf2 Ba4 41.
Ke3 Bb3 42.Kd3 Ba4 43.g3 Bd1 44.h4 f6 45.Bg6 Ke7 46.h5 Ba4 47.h6 Kf8 48.
Bf5 Kf7 49.Be6+ Kg6 50.Bd5 1-0

[Event "3rd Asia-ch"]
[Site "Kolkata IND"]
[Date "2001.08.14"]
[Round "7"]
[White "Iuldachev, Saidali"]
[Black "Ghaem Maghami, Ehsan"]
[Result "1-0"]
[WhiteElo "2508"]
[BlackElo "2509"]
[EventDate "2001.08.09"]
[PlyCount "63"]

1.e4 c5 2.Nc3 e6 3.Nf3 a6 4.d4 cxd4 5.Nxd4 b5 6.Bd3 Bb7 7.O-O Qc7 8.Qe2 
Nf6 9.e5 Nd5 10.Nxd5 Bxd5 11.a4 b4 12.Re1 Nc6 13.Nf3 h6 14.Be4 Ne7 15.Bd2 
Bxe4 16.Qxe4 Nd5 17.c4 bxc3 18.bxc3 Rc8 19.c4 Nb4 20.Rab1 a5 21.Nd4 Bc5 
22.Nb5 Qb6 23.Qg4 g6 24.Be3 O-O 25.Nd6 Rb8 26.Qh4 Bxe3 27.Rxe3 Qc6 28.Rf1 
h5 29.Rf3 Qc5 30.Qf6 Nc6 31.Nxf7 Kh7 32.Qg5 1-0

[Event "3rd Asia-ch"]
[Site "Kolkata IND"]
[Date "2001.08.14"]
[Round "7"]
[White "Izmukhambetov, Salauat"]
[Black "Roghani, Arash"]
[Result "1-0"]
[WhiteElo "2352"]
[BlackElo "2294"]
[EventDate "2001.08.09"]
[PlyCount "69"]

1.e4 e6 2.d4 d5 3.e5 c5 4.c3 Nc6 5.Nf3 Bd7 6.Be2 Nge7 7.a3 Nf5 8.b4 cxd4 
9.cxd4 b5 10.O-O a5 11.Nc3 axb4 12.Nxb5 bxa3 13.Bxa3 Bxa3 14.Nxa3 O-O 15.
Nb5 Rb8 16.Na3 f6 17.exf6 Qxf6 18.Nc2 Be8 19.Ra7 Rc8 20.h3 Kh8 21.Qd2 Bg6 
22.Ra4 Nh4 23.Ne3 Ra8 24.Ng4 Nxf3+ 25.Bxf3 Qf5 26.Rxa8 Rxa8 27.Rc1 Ne7 28.
Ne5 Qf6 29.Rc7 Nf5 30.Qc3 h6 31.Rc8+ Rxc8 32.Qxc8+ Kh7 33.Nd7 Qxd4 34.Nf8+
Kg8 35.Nxe6+ 1-0

[Event "3rd Asia-ch"]
[Site "Kolkata IND"]
[Date "2001.08.14"]
[Round "7"]
[White "Kazhgaleev, Murtas"]
[Black "Garma, Chito"]
[Result "1-0"]
[WhiteElo "2585"]
[BlackElo "2409"]
[EventDate "2001.08.09"]
[PlyCount "44"]

1.e4 e6 2.d4 d5 3.Nc3 Nf6 4.Bg5 dxe4 5.Nxe4 Be7 6.Bxf6 gxf6 7.Nf3 f5 8.Ng3
c5 9.Qd2 Nc6 10.Bb5 Qb6 11.Bxc6+ bxc6 12.O-O-O Rb8 13.b3 c4 14.Ne5 Ba6 15.
Kb1 Bb4 16.Qe3 Rb7 17.Nh5 h6 18.g4 fxg4 19.f3 Bb5 20.fxg4 a5 21.Qf3 Rf8 
22.Rhf1 Kd8 1-0

[Event "3rd Asia-ch"]
[Site "Kolkata IND"]
[Date "2001.08.14"]
[Round "7"]
[White "Konguvel, Ponnuswamy"]
[Black "Bin Sattar, Reefat"]
[Result "1/2-1/2"]
[WhiteElo "2371"]
[BlackElo "2444"]
[EventDate "2001.08.09"]
[PlyCount "70"]

1.e4 e6 2.d4 d5 3.Nc3 Nf6 4.e5 Nfd7 5.f4 c5 6.Nf3 a6 7.Be3 Nc6 8.Qd2 b5 9.
Bd3 b4 10.Nd1 Qb6 11.dxc5 Bxc5 12.O-O a5 13.Kh1 Ba6 14.f5 exf5 15.Bxf5 
Bxf1 16.Bxd7+ Kxd7 17.Qxd5+ Kc8 18.Bxc5 Rd8 19.Bd6 Qb5 20.Qxf7 Ra7 21.Qe6+
Rad7 22.Ne3 Be2 23.Re1 Kb7 24.c4 bxc3 25.bxc3 Bxf3 26.gxf3 Qd3 27.Qb3+ Ka8
28.Qb6 Rc8 29.Rb1 Qxc3 30.e6 Ra7 31.e7 Rd7 32.Bc5 Na7 33.Bd6 Nc6 34.Qa6+ 
Na7 35.Qb6 Nc6 1/2-1/2

[Event "3rd Asia-ch"]
[Site "Kolkata IND"]
[Date "2001.08.14"]
[Round "7"]
[White "Kostenko, Petr"]
[Black "Al-Sayed, Mohamad Naser"]
[Result "1-0"]
[WhiteElo "2494"]
[BlackElo "2299"]
[EventDate "2001.08.09"]
[PlyCount "77"]

1.e4 c5 2.Nf3 Nc6 3.d4 cxd4 4.Nxd4 Nf6 5.Nc3 e5 6.Ndb5 d6 7.Bg5 a6 8.Na3 
b5 9.Bxf6 gxf6 10.Nd5 f5 11.c3 Bg7 12.exf5 Bxf5 13.Nc2 Be6 14.g3 O-O 15.
Bg2 f5 16.O-O a5 17.Qh5 b4 18.Nce3 bxc3 19.bxc3 Rb8 20.Kh1 Qd7 21.g4 fxg4 
22.Be4 h6 23.Qg6 Rf7 24.Rab1 Rd8 25.Rg1 Ne7 26.Nxe7+ Qxe7 27.Nxg4 Bxg4 28.
Rxg4 d5 29.Qh7+ Kf8 30.Rbg1 Qf6 31.Bg6 Qf3+ 32.R4g2 Rc7 33.Bc2 Rd6 34.c4 
Rdc6 35.Rb1 Qf6 36.Bf5 Rb6 37.Rbg1 dxc4 38.Be4 Rb2 39.Bd5 1-0